| 000 | 00775nab a2200241 u 4500 | ||
|---|---|---|---|
| 001 | 17705 | ||
| 003 | HDC | ||
| 007 | cr bn ---aaaaa | ||
| 008 | 210225c mydr|noo 0 a may d | ||
| 040 | _aHDC | ||
| 245 | 0 | _aDaging import perlu ada sijil kesihatan negara asal | |
| 260 |
_aMalaysia : _bUtusan Malaysia, _c2004 |
||
| 336 |
_atext _2rdacontent |
||
| 337 |
_acomputer _2rdamedia |
||
| 338 |
_aonline resource _2rdacarrier |
||
| 650 |
_afood industry _9536 |
||
| 650 |
_aimported food _911470 |
||
| 710 | _aUtusan Malaysia | ||
| 856 | _zRequest full-text at [email protected] | ||
| 942 | _2lcc | ||
| 942 | _cNEWS | ||
| 942 | _kNWSO 008741 | ||
| 999 |
_c15021 _d15021 |
||